Síntesis sector justicia 1973-1983

Salvato in:
Dettagli Bibliografici
Ente Autore: Ministerio de Justicia (Autore)
Natura: Libro
Lingua:spagnolo
Pubblicazione: Santiago Ministerio de Justicia 1983
Edizione:2a. ed
Soggetti:
Tags: Aggiungi Tag
Nessun Tag, puoi essere il primo ad aggiungerne!!

MARC

LEADER 00000nam a2200000 a 4500
001 UCT9764
003 CL-VaPUC
008 970411e19830800CL |||||||||||||||||spa|d
082 0 4 |a 347.83  |b MIN  |2 21 
110 2 |a Ministerio de Justicia  |e author  |9 382748 
245 1 0 |a Síntesis sector justicia 1973-1983 
250 |a 2a. ed 
300 |a 64 p 
942 |c BK 
945 |d 19970411 00:00:00  |a paguirre 
260 |a Santiago  |b Ministerio de Justicia  |c 1983 
650 0 |a Poder judicial  |9 254871 
650 0 |a Administración de justicia  |9 382749 
650 0 |a Tribunales  |9 254872 
650 7 |a FUNCIONARIOS JUDICIALES  |2 CL-VaPUC  |9 382750 
651 7 |a CHILE  |2 CL-VaPUC  |9 382751 
583 |a last modification  |c 19970411 00:00:00  |k Rodrigo Vera 
999 |c 258143  |d 258141 
952 |0 0  |1 0  |4 0  |6 347_830000000000000_MIN_1983  |7 0  |8 A  |9 281984  |a BIBDER  |b BIBDER  |d 2019-11-19  |i 1829815  |o 347.83 MIN 1983  |p 1829815  |r 2023-01-25  |w 2019-11-19  |y BK  |k DER